| 000 | 00643nam a22002177a 4500 | ||
|---|---|---|---|
| 005 | 20150601104130.0 | ||
| 010 | _aENG-112840 | ||
| 020 |
_c275.00 _a9789380599762 |
||
| 035 | _aEN-96372 | ||
| 037 | _bDBAD/PUB | ||
| 082 | _a531.12 | ||
| 100 | _aPradhan, Sushama | ||
| 245 |
_aAnalytical statics / _cby Sushama Pradhan [and] Sujata Sinha |
||
| 250 | _a3rd ed | ||
| 260 |
_aKolkata _bAcademic Publishers _c2012 |
||
| 270 |
_a5A Bhawani Dutta Lane, _bKolkata _e700073 _mwww.acabooks.net |
||
| 300 |
_axiv,553p.: _c22cm(pbk) _bill. |
||
| 500 | _aIncludes index | ||
| 700 | _aSinha, Sujata | ||
| 942 |
_2ddc _cEN _mPRA _h531.12 |
||
| 999 |
_c93050 _d93050 |
||